| 000 | 00520nam a22001337a 4500 | ||
|---|---|---|---|
| 040 | _cRUA | ||
| 082 | _aAVM THA 2009 B088 Or.1 | ||
| 100 | _athao phearith | ||
| 245 | _aCattle raising in koh thom district,kandal province, (ការចិញ្ចឹមគោនៅស្រុកកោះធំ ខេត្តកណ្ដាល) | ||
| 260 |
_aphnom penh _brua _c2009 |
||
| 300 |
_aix, 47p. _bill. _c29cm. |
||
| 856 | _uhttps://drive.google.com/file/d/15lb8sgjmrhJnTlAAJmebwQhlDVL7JA4d/view?usp=sharing | ||
| 942 | _cAVM | ||
| 999 |
_c2332 _d2332 |
||